[Event "49th Rilton Cup 2019-20"]
[Site "Stockholm"]
[Date "2020.01.05"]
[Round "9.5"]
[White "Urkedal, Frode Olav Olsen"]
[Black "Alexakis, Dimitrios"]
[Result "1-0"]
[WhiteElo "2545"]
[BlackElo "2093"]
[Annotator "TA"]
[PlyCount "109"]
[EventDate "2019.12.27"]
[EventType "swiss"]
[EventCountry "SWE"]
[SourceTitle "playchess.com"]
[Source "ChessBase"]
[SourceQuality "1"]

{[%evp 20,109,34,38,64,57,67,60,90,38,57,33,46,38,41,14,0,11,18,0,11,4,35,-2,-7,-12,68,61,100,102,441,434,411,426,433,341,429,294,458,314,289,192,199,199,200,194,182,201,195,197,200,195,212,147,270,277,270,267,237,245,266,258,388,397,438,424,430,428,473,467,473,469,494,470,29976,29977,29977,29978,29978,29979,29979,579,29980,29981,29981,29982,29980,29981,29981,29982,29982,29983]} 1. d4 Nf6 2. c4 e6 3. Nf3 c5 4. d5 d6 5. Nc3 exd5 6. cxd5 g6 7. Nd2 Bg7 8. e4 O-O 9. Be2 Na6 10. O-O Nc7 11. a4 a6 {A73: Modern Benoni: Classical: Unusual Black 9th moves} (11... Re8 12. f3 b6 13. Kh1 Rb8 14. Nc4 Ba6 15. Bg5 Bxc4 16. Bxc4 a6 17. Qd2 b5 18. axb5 axb5 19. Be2 b4 20. Nd1 Nb5 21. Bxb5 Rxb5 22. Qf4 Nh5 {0-1 (56) Vidit,S (2673)-Indjic,A (2560) Moscow 2017}) 12. Nc4 Rb8 13. Bf4 Nfe8 {White is slightly better.} 14. Qd2 ({Better is} 14. a5 $16) 14... b5 $14 15. axb5 axb5 16. Na5 Bd7 $1 17. Nc6 $146 ({Predecessor:} 17. Bg4 b4 18. Nd1 Nf6 19. Bf3 {1-0 (41) Quintin Navarro,A (2210)-Diaz Iglesias,J (2203) Padron 2012}) 17... Bxc6 $1 18. dxc6 {Threatening Ra7.} Rb6 19. e5 {[%cal Re5d6]} Ne6 20. Rfd1 {[%cal Re5d6]} (20. Bxb5 Nxf4 21. Qxf4 Bxe5 $17) 20... Rxc6 21. Bxb5 (21. Bf3 $5 {[%cal Rf3c6]} Rb6 22. Ra8 $16 (22. exd6 Bxc3 23. bxc3 Nxf4 $15)) 21... Rb6 22. Bc4 Nd4 (22... Nxf4 $11 23. Qxf4 Qb8) 23. Nd5 $36 {[%cal Bc3d5,Bd5e7,Be7g6][%mdl 2080] Black must now prevent Bg5. Black is under pressure.} dxe5 24. Bg5 Rxb2 $2 {[%mdl 8192]} (24... Bf6 $16 {is a better chance.} 25. Nxb6 Qxb6) 25. Ne7+ $18 ({Not} 25. Bxd8 Rxd2 26. Rxd2 Nd6 $18) (25. Qxb2 Qxg5 26. Qb6 Nf3+ 27. Kh1 Qh4 $11) 25... Kh8 26. Qxb2 f6 {[#]} 27. Nxg6+ $1 (27. Nc6 Qc7 $16) 27... hxg6 28. Rd3 {Threatens to win with Rh3+.} Qd7 (28... fxg5 {was called for.} 29. Rh3+ Bh6) 29. Bd2 ({But not} 29. Rh3+ Qxh3 30. gxh3 fxg5 $18) 29... Nd6 30. Qa2 {Strongly threatening Rh3+.} Nxc4 31. Qxc4 {aiming for Rh3+.} Qf7 32. Qxf7 ({Weaker is} 32. Qxc5 Nb3 $14) 32... Rxf7 33. Ra8+ Rf8 34. Rda3 Kg8 35. Kf1 Kf7 36. Be3 Ke6 (36... Rxa8 $16 37. Rxa8 Bf8) 37. R3a6+ Kf7 38. R8a7+ Kg8 39. Rc7 Rb8 {( -> ...Rb1+)} 40. Rxc5 Nf5 (40... Rb1+ $142 41. Rc1 Rxc1+ 42. Bxc1 Kf7 43. Ra7+ Kg8) 41. Rc7 g5 42. g4 Nh4 43. Ke2 Rb2+ 44. Kd3 e4+ 45. Kxe4 {Hoping for Ra8+.} Rb4+ 46. Kd5 {Threatening mate with Ra8+.} Rxg4 (46... Rb8 $18 47. Bd4 Rd8+ 48. Kc4 Rf8) 47. Raa7 Bf8 48. Bc5 Ng6 49. Bxf8 Nxf8 {[%mdl 4096] Endgame KRR-KRN} 50. Rg7+ Kh8 {[#]} 51. Rgf7 $1 {[%cal Rf7f8] White mates.} Kg8 52. Rxf6 Rf4 53. Rxf4 gxf4 {[#]} 54. Ra8 $1 Kf7 {[#]} 55. Rxf8+ $1 {Accuracy: White = 73%, Black = 44%.} 1-0

[Event "49th Rilton Cup 2019-20"]
[Site "Stockholm"]
[Date "2020.01.05"]
[Round "9.6"]
[White "Kulaots, Kaido"]
[Black "Keinanen, Toivo"]
[Result "1/2-1/2"]
[WhiteElo "2538"]
[BlackElo "2452"]
[Annotator "TA"]
[PlyCount "92"]
[EventDate "2019.12.27"]
[EventType "swiss"]
[EventCountry "SWE"]
[SourceTitle "playchess.com"]
[Source "ChessBase"]
[SourceQuality "1"]

{[%evp 10,92,6,0,1,3,23,9,16,6,15,1,7,6,8,0,45,52,52,0,24,29,36,27,37,31,30,25,58,38,38,49,75,89,207,215,211,204,306,298,268,62,43,51,38,35,35,40,33,37,45,51,93,14,117,80,141,0,0,0,0,0,0,0,0,0,0,0,0,0,0,0,0,0,0,0,0,0,0,0,0,0,0,0,0]} 1. e4 e6 2. d4 d5 3. Nc3 Nf6 4. e5 Nfd7 5. f4 c5 6. Nf3 Be7 {C11: French: Classical System: 4 e5 and 4 Bg5 dxe4} (6... Nc6 7. Be3 a6 8. Qd2 b5 9. Be2 Be7 10. O-O O-O 11. a3 b4 12. axb4 Nxb4 13. dxc5 Nxc5 14. Nd4 Bd7 15. Bf3 Qc7 16. g3 Rab8 17. Rfe1 {1-0 (48) Giri,A (2769)-Jumabayev,R (2646) Moscow 2019}) 7. Be3 b6 8. Qd2 O-O 9. h4 Nc6 10. Bb5 Nxd4 11. Nxd4 cxd4 12. Bxd4 Nc5 (12... a6 $5 {[%cal Ra6b5]} 13. Bc6 Ra7 $11) 13. O-O-O Bd7 {[#]} 14. Bd3 $146 ({White should play} 14. Be2 $14) ({Predecessor:} 14. Be2) 14... f5 (14... Bxh4 $2 15. g3 $1 $18 {[%mdl 512]}) 15. exf6 Bxf6 16. Bxf6 Qxf6 17. g3 b5 18. Rhe1 Be8 19. Bxb5 Bxb5 20. Nxb5 {[%cal Bc3b5,Bb5c7,Bc7e6][%mdl 32]} Ne4 21. Qd4 Qg6 {[#]} (21... Rab8 $16 22. Qxf6 (22. Nxa7 Nxg3 23. Nc6 Ra8 $14) 22... Rxf6) 22. Nc7 $1 $18 Rad8 23. Qe5 (23. Qxa7 Qf7 $14) 23... Qxg3 (23... Rc8 {keeps fighting.} 24. Nxd5 (24. Qxe6+ Qxe6 25. Nxe6 Rf6 $16) 24... exd5 25. Qxd5+ Kh8) 24. Nxe6 {[%mdl 64] Double Attack} Rfe8 25. b3 $2 ({Not} 25. Rxe4 dxe4 26. Rxd8 Rxd8 $15) (25. Qf5 $18 Nf6 26. Qg5 Qxg5 27. fxg5 (27. hxg5 Rd6 $16)) 25... Rd6 $1 $14 26. Rg1 Rdxe6 {[#]} 27. Qxe4 $1 {[%mdl 512]} Qxh4 {[#]} (27... dxe4 28. Rxg3) 28. Qd4 $1 {[%csl Gg1][%cal Rd4g7][%mdl 512]} Qf6 29. Rg5 Rf8 30. Re5 h6 31. Kb2 (31. Rxd5 $6 Qxf4+ 32. Kb2 Qxd4+ 33. R1xd4 g5 $11) (31. Kb1 $16 Rxe5 32. fxe5) 31... Rd6 (31... Rxe5 $1 $11 32. fxe5 Qe6) 32. f5 ({Much weaker is} 32. Rxd5 $6 Rxd5 33. Qxf6 Rxf6 $11) (32. Qxa7 {keeps more tension.} Qxf4 33. Qe7 Rfd8 34. a4 R8d7 35. Qe8+) 32... Kh7 (32... Rd7 $142) 33. Rxd5 (33. c4 $16) 33... Rxd5 $11 {The position is equal.} 34. Qxf6 Rxf6 35. Rxd5 $16 {[%mdl 4096] Endgame KR-KR} h5 36. c4 Kh6 37. c5 h4 38. b4 Kh5 39. b5 h3 40. c6 {And now c7 would win.} h2 41. Rd1 Rxf5 42. c7 Rxb5+ 43. Ka3 Rc5 {[#]} 44. Rd5+ $1 {[%mdl 512]} Rxd5 45. c8=Q {Strongly threatening Qh3+.} Rd3+ 46. Kb2 {Qf5+ is the strong threat.} Rd2+ {Accuracy: White = 59%, Black = 44%.} 1/2-1/2

[Event "49th Rilton Cup 2019-20"]
[Site "Stockholm"]
[Date "2020.01.05"]
[Round "9.7"]
[White "Lokander, Martin"]
[Black "Ionov, Sergey"]
[Result "1-0"]
[WhiteElo "2399"]
[BlackElo "2521"]
[Annotator "TA"]
[PlyCount "141"]
[EventDate "2019.12.27"]
[EventType "swiss"]
[EventCountry "SWE"]
[SourceTitle "playchess.com"]
[Source "ChessBase"]
[SourceQuality "1"]

{[%evp 15,141,30,26,7,12,7,33,28,24,-34,-37,-53,-31,-27,-39,-43,26,-48,-34,-47,0,-14,0,0,0,0,0,0,32,-21,-30,-53,-57,-57,-30,-21,-8,-27,0,0,61,43,74,74,85,77,108,101,127,127,152,139,155,153,142,134,170,127,157,135,143,143,148,136,133,95,164,161,164,165,170,155,170,147,239,191,229,215,191,162,165,0,156,157,157,166,166,144,156,156,151,158,226,151,225,153,199,157,187,81,70,88,118,111,80,81,109,46,168,165,154,97,326,316,392,392,1409,554,505,301,698,784,768,-28,160,0,2663,2458]} 1. d4 Nf6 2. c4 e6 3. Nf3 b6 4. a3 Ba6 5. Qc2 Bb7 6. Nc3 c5 7. e4 cxd4 8. Nxd4 Bc5 9. Nf3 {E12: Queen's Indian: Unusual White 4th moves, 4 a3, 4 Nc3 Bb7 5 a3 and 4 Nc3 Bb7} Nc6 (9... Ng4 10. Nd1 Qf6 11. Rb1 Qg6 12. Bd3 Nf6 13. Ng5 Ng4 14. b4 Be7 15. h4 Nc6 16. Ne3 Nge5 {0-1 (28) Duda,J (2717)-Korobov,A (2652) Riadh 2017}) 10. b4 Be7 11. Bb2 {White is slightly better.} d6 12. O-O-O $146 (12. Qb3 $11) ({Predecessor:} 12. Be2 O-O 13. O-O Rc8 14. Rfd1 Qc7 15. Rac1 Qb8 16. Bf1 Rfd8 {1-0 (54) Voloshin,L (2435)-Rajlich,I (2180) Polanica Zdroj 1995}) 12... Qb8 $15 13. Bd3 O-O 14. Rhe1 Nd7 15. Kb1 Rc8 (15... h6 $15) 16. Bf1 (16. Nd5 $1 $11 exd5 17. exd5) 16... a6 {[%cal Ba7a6,Ba6a5][%mdl 32]} 17. Nd2 Bf6 18. f4 $1 a5 19. b5 $1 {[%cal Rb5c6]} Nd4 20. Qd3 Nc5 21. Qe3 e5 22. g3 (22. Nd5 $14) 22... Re8 $11 23. f5 Qd8 24. h4 Rc8 25. Bd3 h6 26. Ne2 {[%cal Re2d4]} Nxe2 (26... Na4 {looks sharper.} 27. Nxd4 Nxb2 28. Kxb2 exd4 29. Qf4 Qc7) 27. Qxe2 Nxd3 (27... Be7 $11) 28. Qxd3 $14 Qc7 29. a4 Red8 30. Ba3 Be7 31. Rc1 Rd7 32. Nf1 $1 Qd8 33. Ne3 Rdc7 34. Red1 Qe8 35. Ka2 Kh8 36. Kb3 (36. Bxd6 Rd7 $15) 36... f6 37. Rc2 {[%cal Bc1c2,Bc2h2,Bh2h1][%mdl 32]} Qh5 38. Rf1 Rd7 39. Rh2 Qf7 40. Rff2 Rdc7 (40... d5 $16 41. exd5 (41. Nxd5 Bxd5 42. cxd5 Bxa3 $11) 41... e4) 41. Rc2 $1 $18 Rd7 42. Rh1 Ba8 43. Rc3 Kg8 44. Rh2 Rb8 (44... Rdc7 $16 {might work better.}) 45. Nd5 Bd8 46. Bc1 Rc8 47. Ne3 Be7 48. Ba3 $2 (48. Rcc2 $18) 48... Bd8 $2 (48... Rb8 $1 $11) 49. Rc1 $16 Be7 50. Kb2 Bd8 51. Rg1 (51. Bxd6 $2 Be7 $19) 51... Be7 52. g4 Rdc7 {[%cal Rc7c4]} 53. Rc2 Rd7 (53... Kh7 $16 54. Rgg2 Bd8) 54. Rgg2 Bd8 (54... Rdc7 $16 55. Nd5 Bxd5 56. cxd5 Rxc2+ 57. Rxc2 Rxc2+ 58. Kxc2 (58. Qxc2 h5 $16) 58... g5) 55. Rc3 (55. Bxd6 $2 Be7 $19) 55... Be7 56. Ka2 Bd8 57. Bc1 (57. Rcc2 $18) 57... Bxe4 58. Qxe4 d5 59. Nxd5 Rxd5 60. Be3 $1 (60. cxd5 $6 Rxc3 61. Rc2 Rxc2+ 62. Qxc2 Qxd5+ 63. Qb3 Qf7 $11) (60. Qxd5 Qxd5 61. cxd5 Rxc3 $17) 60... Rd1 61. Rg1 (61. Rgc2 $16) 61... Qd7 ({Black should try} 61... Rd4 $14 62. Bxd4 Rxc4 63. Rxc4 Qxc4+ {[%mdl 64] Pin} 64. Kb2 Qb4+ {[%mdl 64] Pin} 65. Kc1 exd4) 62. Rxd1 $1 $18 Qxd1 63. Rc2 (63. c5 $142) 63... Kh8 $2 {[#]} (63... Qe1 $16) 64. g5 $1 {[%mdl 512]} fxg5 65. hxg5 hxg5 $2 (65... Bxg5 66. Bxg5 (66. Bxb6 h5 $18) 66... hxg5) 66. c5 (66. Rh2+ $142 Kg8 67. c5) 66... Qh5 67. Qd5 {Bg1 is the strong threat.} Bf6 $2 (67... Qh4 68. Rc4 Qh2+ 69. Kb1 Bf6) 68. c6 e4 69. c7 $2 (69. Qd6 $18 {aiming for Rh2!} Kg8 70. Qe6+ Qf7 71. Qxf7+ Kxf7 72. Bxb6) 69... Qh1 $2 {[#]} ({Better is} 69... Rxc7 $1 $11 70. Rxc7 (70. Qa8+ $2 Kh7 $19) 70... Qh2+ {[%mdl 64] Double Attack} 71. Bd2 Qxc7 72. Qxe4 Kh7 73. Qh1+ Kg8) 70. Bc1 $2 ({White has to play} 70. Rc1 $1 $16 {[%cal Rc1h1]} Qg2+ 71. Qd2 Qxd2+ 72. Bxd2) 70... Kh7 $2 {[%mdl 8192]} (70... Rxc7 $11 71. Rxc7 (71. Qa8+ Kh7 $17) 71... Qh2+ {[%mdl 64] Double Attack} 72. Kb1 Qxc7 73. Qxe4 Qe7 74. Qxe7 Bxe7) 71. Qd6 {Accuracy: White = 49%, Black = 33%.} 1-0

[Event "49th Rilton Cup 2019-20"]
[Site "Stockholm"]
[Date "2020.01.05"]
[Round "9.8"]
[White "Dragicevic, Drazen"]
[Black "Hauge, Lars Oskar"]
[Result "1-0"]
[WhiteElo "2294"]
[BlackElo "2504"]
[Annotator "TA"]
[PlyCount "61"]
[EventDate "2019.12.27"]
[EventType "swiss"]
[EventCountry "SWE"]
[SourceTitle "playchess.com"]
[Source "ChessBase"]
[SourceQuality "1"]

{[%evp 16,60,14,10,20,28,36,0,8,12,57,55,110,112,116,100,190,115,115,115,115,112,118,111,114,118,299,295,418,418,405,387,555,245,249,244,255,245,249,240,2398,2153,29997,29998,29998,29999,29999]} 1. c4 f5 2. Nc3 Nf6 3. g3 g6 4. Bg2 Bg7 5. d3 d6 6. e4 Nc6 7. Nge2 O-O 8. O-O e5 9. Nd5 f4 {A26: English Opening vs King's Indian with ...Nc6 and d3} 10. gxf4 Nh5 11. f5 gxf5 {The position is equal.} 12. Ng3 Nxg3 (12... Nf4 $5) 13. fxg3 {[#]} Be6 $146 ({Better is} 13... Nd4 $1 $14) ({Predecessor:} 13... Nd4 14. exf5 Bxf5 15. Ne3 Bg6 16. Bxb7 Rb8 17. Be4 {½-½ (28) Yildiz Kadioglu,B (2326)-Muzychuk,A (2572) Kocaeli 2017}) 14. Qh5 $36 {[%cal Re4f5][%mdl 2048] White is really pushing.} Qd7 15. Be3 Rf7 {[#]} (15... Kh8 $16 {is a better defense.}) 16. Rf2 (16. Nxc7 $1 $18 Qxc7 17. exf5) 16... Raf8 17. Raf1 f4 18. gxf4 exf4 19. Nxf4 {Strongly threatening e5!} Ne5 20. Nxe6 Qxe6 $2 {[#]} (20... Rxf2 $16 {might work better.} 21. Nxf8 Rxf8) 21. Bh3 $1 $18 {[%cal Rh3e6]} (21. Bxa7 Rxf2 22. Rxf2 Rxf2 $14) 21... Qe7 (21... Qe8 {keeps fighting.}) 22. Bf5 {[%csl Gf5][%cal Rh5h7]} ({Weaker is} 22. Rxf7 Rxf7 23. Bf5 (23. Bxa7 Rxf1+ 24. Kxf1 Nxd3 $16) 23... Bf6 $18) 22... Bf6 23. Bh6 Ra8 (23... Nxd3 {was necessary.} 24. Bxf8 Rxf8) 24. Bxh7+ (24. d4 $142 Nd7 25. e5 dxe5 26. Bxd7) 24... Rxh7 25. Rxf6 {Threatens to win with d4.} Kh8 26. Kh1 Rg8 27. h3 Nxd3 $2 {[#]} (27... b6 28. b3 c5) 28. Qd5 $1 {[%csl LRb7,LRd3][%mdl 64] White threatens Qxg8+! and mate. Double Attack} Ne5 {[#]} 29. Qxg8+ $1 {[%mdl 576] Remove Defender, Back Rank. White mates.} Kxg8 30. Rf8+ {[%mdl 64] Back Rank} Qxf8 31. Rxf8# {Accuracy: White = 75%, Black = 32%.} 1-0

[Event "49th Rilton Cup 2019-20"]
[Site "Stockholm"]
[Date "2020.01.05"]
[Round "9.9"]
[White "Pantzar, Milton"]
[Black "Quesada Perez, Luis Ernesto"]
[Result "0-1"]
[WhiteElo "2406"]
[BlackElo "2499"]
[Annotator "TA"]
[PlyCount "78"]
[EventDate "2019.12.27"]
[EventType "swiss"]
[EventCountry "SWE"]
[SourceTitle "playchess.com"]
[Source "ChessBase"]
[SourceQuality "1"]

{[%evp 11,78,58,67,39,50,35,44,27,29,35,62,64,84,51,56,48,63,51,60,39,43,-1,46,29,25,0,0,-59,-22,-60,0,0,0,0,20,-61,-74,-113,-73,-105,-96,-125,-54,-64,-22,-191,-103,-115,-88,-136,-141,-316,-318,-513,-493,-641,-696,-725,-799,-782,-718,-686,-644,-1136,-1127,-1379,-1192,-1024,-712]} 1. d4 Nf6 2. c4 c5 3. d5 e6 4. Nc3 exd5 5. cxd5 d6 6. e4 g6 7. Nge2 {A65: Modern Benoni: 6 e4} (7. f4 Bg7 8. Bb5+ Nfd7 9. Be2 Qh4+ 10. g3 Qd8 11. Nf3 O-O 12. O-O Re8 13. Nd2 Nf6 14. g4 h6 15. Bf3 Nbd7 16. a4 b6 17. Nc4 {1-0 (46) Duda,J (2758)-Ponkratov,P (2632) Moscow 2019}) 7... Bg7 8. Ng3 h5 9. Be2 {White is slightly better.} a6 10. a4 h4 11. Nf1 Nbd7 12. Ne3 O-O $146 ({Predecessor:} 12... Nh5 13. Bxh5 Rxh5 14. Nf5 Bf8 {½-½ (65) Wojtaszek,R (2637)-Ponkratov,P (2575) Stockholm 2010}) 13. O-O Re8 14. f3 $1 Rb8 15. Nc4 Ne5 16. Na3 Qc7 17. f4 Ned7 18. e5 dxe5 19. Nc4 (19. f5 $11) 19... h3 20. f5 b5 (20... hxg2 $15 21. Kxg2 gxf5 22. Rxf5 Nf8) 21. axb5 axb5 22. fxg6 fxg6 {...hxg2 is the strong threat.} 23. Ne3 (23. Na5 $1 $11) 23... c4 $36 {[%mdl 2048] Black is on the roll.} 24. Qc2 e4 25. d6 Qxd6 {[#] Strongly threatening ...hxg2.} 26. Nxb5 $1 {[%mdl 512]} Qb6 (26... Rxb5 $17 27. Rd1 {[#]} (27. Bxc4+ Rd5 $17) 27... Rd5 $1 {[%mdl 512]} 28. Nxd5 Nxd5 29. Rxd5 Qb6+ 30. Kh1 Qf2 $1 {[%mdl 512]} 31. gxh3 e3) 27. Qxc4+ $15 Kh7 {White must now prevent ...Ba6.} 28. Kh1 $2 (28. Qc7 $11) 28... Ne5 (28... Ba6 $19 29. Rxa6 Qxa6) 29. Qc7 $17 Nd3 {Threatens to win with ...hxg2+.} 30. Ra7 {[%csl Ga7][%cal Rc7g7]} ({Don't go for} 30. Rxf6 $2 Qxf6 31. Nc3 (31. Qxb8 $2 {too greedy.} Qf2 $19) 31... Qf2 $19) 30... Qxc7 31. Nxc7 $2 (31. Rxc7 $17 hxg2+ 32. Kxg2 Rxb5 33. Rxf6 Rg5+ 34. Kh1) 31... Re7 $19 32. Bxd3 $2 (32. b4 {was called for.}) 32... exd3 {Black is clearly winning.} 33. Kg1 Ng4 34. Nxg4 Bxg4 35. Ra4 hxg2 36. Kxg2 Be2 37. Rh4+ Kg8 38. Nd5 Bxf1+ 39. Kxf1 Rf8+ {Accuracy: White = 39%, Black = 52%.} 0-1

[Event "49th Rilton Cup 2019-20"]
[Site "Stockholm"]
[Date "2020.01.05"]
[Round "9.10"]
[White "Thybo, Jesper Sondergaard"]
[Black "Leenhouts, Koen"]
[Result "1-0"]
[WhiteElo "2576"]
[BlackElo "2412"]
[Annotator "TA"]
[PlyCount "73"]
[EventDate "2019.12.27"]
[EventType "swiss"]
[EventCountry "SWE"]
[SourceTitle "playchess.com"]
[Source "ChessBase"]
[SourceQuality "1"]

{[%evp 14,73,23,18,17,16,60,48,58,48,57,55,68,38,73,63,77,67,89,88,152,143,176,172,182,168,169,181,187,186,220,215,212,164,160,161,183,210,198,130,109,95,258,83,86,78,316,304,702,665,1308,1283,998,899,875,920,1467,1283,1891,8887,1598,1159]} 1. d4 Nf6 2. c4 g6 3. Nc3 d5 4. Bd2 Bg7 5. cxd5 Nxd5 6. e4 Nxc3 7. Bxc3 O-O 8. Qd2 Nd7 {D85: Exchange Grünfeld: Unusual White 7th moves and lines with 7 Nf3} (8... c5 9. d5 Bxc3 10. bxc3 Qd6 11. f4 e6 12. Bc4 b5 13. Bxb5 exd5 14. Bc4 Bb7 15. Nf3 Rd8 16. Bxd5 Bxd5 17. Qxd5 Qxd5 18. exd5 Rxd5 {½-½ (29) Tomashevsky,E (2702)-Nepomniachtchi,I (2768) Satka 2018}) 9. Nf3 Nf6 10. Bd3 c5 $146 {White is slightly better.} ({Predecessor:} 10... c6 11. O-O Qc7 12. h3 Rd8 13. Rac1 c5 14. d5 b6 15. b4 Bb7 16. bxc5 bxc5 17. Ba5 Qd7 18. Bxd8 Rxd8 19. Rxc5 e6 20. Qa5 Qe8 21. Bb5 Nd7 22. Rc7 Ba8 23. Qxa7 {1-0 (23) Monroy Garzon,N (1989)-Encina,G (1882) Santiago de Chile 2016}) 11. dxc5 Bg4 12. Ne5 Be6 13. O-O Qc7 14. b4 $36 {[%mdl 2048] Black is under pressure.} Rfd8 {[#]} 15. Qb2 $1 a5 {And now ...axb4 would win.} 16. a3 h5 (16... Nd7 $142 17. Nf3 Bxc3 18. Qxc3 Qf4) 17. h3 $16 h4 18. Rfe1 Nh5 {[%cal Bf6h5,Bh5f4,Bf4h3][%mdl 32]} 19. Bb5 Nf4 20. Nf3 {[%mdl 64] Discovered Attack} Bxc3 21. Qxc3 axb4 22. axb4 Rxa1 23. Qxa1 Bxh3 24. gxh3 Nxh3+ 25. Kf1 {Threatens to win with e5.} Qf4 {[#]} 26. Rd1 (26. Be2 $1 $18) 26... Rxd1+ 27. Qxd1 {Black must now prevent Be2.} Qxe4 $2 (27... g5 $16) 28. Be2 $2 (28. Qd8+ $18 {is more deadly.} Kh7 29. Qd3 Qxb4 30. Qc4 Qxc4+ 31. Bxc4) 28... Qxb4 29. Qd8+ Kh7 $2 (29... Kg7 $16 {was called for.}) 30. Qxe7 $18 {[%mdl 64] Double Attack} Qb1+ $2 (30... Kg8 31. Qxh4 Qxh4 32. Nxh4 Ng5) 31. Ne1 {White is clearly winning.} Qf5 {[%csl Gh3][%cal Rf5f2]} 32. Qxh4+ Kg7 33. Bg4 {[%mdl 64] Double Attack} Qxc5 34. Qxh3 b5 35. Bd1 b4 36. Bb3 Qd4 37. Qf3 {Accuracy: White = 63%, Black = 48%.} 1-0

[Event "49th Rilton Cup 2019-20"]
[Site "Stockholm"]
[Date "2020.01.05"]
[Round "9.11"]
[White "Kaasen, Tor Fredrik"]
[Black "Blomqvist, Erik"]
[Result "0-1"]
[WhiteElo "2382"]
[BlackElo "2537"]
[Annotator "TA"]
[PlyCount "130"]
[EventDate "2019.12.27"]
[EventType "swiss"]
[EventCountry "SWE"]
[SourceTitle "playchess.com"]
[Source "ChessBase"]
[SourceQuality "1"]

{[%evp 10,130,29,22,34,35,34,31,30,33,33,25,75,68,60,66,93,103,96,104,141,45,93,32,51,50,79,0,0,0,0,0,0,0,0,-67,-10,-100,-96,-100,-104,-100,-100,-100,-97,-109,-104,-109,-71,-142,-142,-142,-139,-166,-142,-142,-142,-143,-143,-143,-143,-152,-165,-200,-200,-180,-189,-197,-196,-200,-191,-186,-108,-110,-110,-508,-505,-466,-443,-629,-613,-635,-581,-635,-633,-625,-619,-610,-601,-634,-631,-833,-818,-766,-555,-756,-743,-708,-656,-652,-695,-858,-863,-750,-650,-785,-680,-2845,-1970,-2150,-1677,-2368,-1581,-1492,-2422,-12836,-12835,-12837,-6725,-12845,-12846,-12847,-12847]} 1. d4 Nf6 2. c4 e6 3. Nf3 Bb4+ 4. Nbd2 O-O 5. a3 Be7 6. e4 d6 {E11: Bogo-Indian} 7. Be2 Nfd7 8. b4 e5 {White is slightly better.} 9. d5 a5 10. Bb2 c5 11. b5 $146 ({Predecessor:} 11. dxc6 bxc6 12. O-O c5 13. b5 Bb7 14. a4 {1-0 (50) Wang,H (2711)-Le,T (2512) Kuala Lumpur 2018}) 11... Nf6 12. Qc2 g6 13. O-O-O Nh5 14. g3 f5 15. Ne1 (15. Nxe5 $1 $16 {And now Nd3 would win.} dxe5 16. f4) 15... Ng7 16. f3 (16. h4 $16) 16... fxe4 17. fxe4 ({Of course not} 17. Nxe4 Nf5 $11) 17... Nd7 18. Nf1 (18. g4 $16) 18... Bg5+ $11 19. Kb1 Nf6 $1 {[%cal Rf6e4] Threatens to win with ...Nxe4!} 20. Bf3 Bh3 21. Qe2 Qd7 $36 {[%mdl 2048] Black has some pressure.} 22. Nd3 {[#]} (22. Ne3 $11) 22... Ng4 ({Black should play} 22... Nxd5 $1 $15 {[%mdl 512]} 23. exd5 (23. cxd5 Rxf3) 23... Rxf3 24. Qxf3 Bg4) 23. Bg2 {[#]} (23. Bc1 $11 Bxc1 24. Rxc1) 23... Nf2 $1 {[%mdl 512]} 24. Bxh3 (24. Nxf2 Bxg2) 24... Qxh3 25. Nxf2 {[#]} Qg2 $1 26. Rg1 Qxf2 27. Rg2 Qxe2 28. Rxe2 {[#]} Rf3 $1 29. Bc1 (29. Kc2 $142) 29... Bxc1 $17 30. Rxc1 Rxa3 31. Nd2 Nh5 32. Kb2 Ra4 33. Rf2 {next Rcf1 is good for White.} Rf8 34. Rxf8+ Kxf8 {[%mdl 4096] Endgame KRN-KRN} 35. Kb3 Rb4+ 36. Kc3 Nf6 37. Ra1 a4 38. Kd3 Ke7 39. Rf1 Nd7 40. Kc3 Nb6 ({Black should try} 40... g5 $19 41. h3 Nf6) 41. Ra1 Kd7 42. Rf1 $2 {[%mdl 8192]} (42. Ra2 $17) 42... a3 $19 {Black is clearly winning.} 43. Ra1 Rb2 44. Rxa3 {[#]} (44. h4 $142) 44... Rxd2 $1 {[%mdl 512]} 45. Ra7 {[#]} (45. Kxd2 Nxc4+) 45... Nxc4 $1 46. Kxc4 {KR-KR} Kc7 47. Ra8 Rc2+ 48. Kd3 Rxh2 49. Rh8 g5 50. Kc4 g4 51. Rg8 Kb6 52. Rd8 Rc2+ 53. Kd3 Ra2 54. Rxd6+ Kxb5 55. Rd7 c4+ 56. Ke3 Ra3+ 57. Ke2 Kc5 58. Rxb7 Kd4 59. d6 Ra2+ 60. Kf1 Kxe4 61. d7 Rd2 (61... Kf3 $142 62. Ke1 Ra8) 62. Ke1 Ke3 63. Ra7 Rd3 64. Kf1 c3 65. Rc7 Kd2 {Accuracy: White = 38%, Black = 74%.} 0-1